A Cerâmica em Portugal (Record no. 45977)

MARC details
000 -Etiqueta do registo
Valores 00399nam a2200157 4500
100 ## - Dados gerais de processamento
Dados gerais 20260401 pory50
101 ## - Língua de publicação
Língua por
102 ## - País de publicação
País PT
200 ## - Titulo e menção de responsabilidade
Título próprio A Cerâmica em Portugal
Informação de outro título In [?]
Primeira menção de responsabilidade Armando Vieira Santos
210 ## - Publicação
Local de publicação [Não identificado]
Nome do editor [Não identificado]
Data de publicação [Não identificado]
215 ## - Descrição física 
Paginação / Volumes 1 v.
675 ## - CDU
Notação 738(469)
801 ## - Fonte de origem
País PT
Regras de catalogação RPC
990 ## - Elementos KOHA
Tipo de documento Livro
Holdings
Aquisição Empréstimo Código de barras Cota Permissão de empréstimo Tipo de documento Nota relativa ao exemplar
Fundo Local do Concelho Fundo Local do Concelho 057161 738(469) SAN Consulta presencial Livro fotocopiado do original

Powered by Koha